A debreceni és a szegedi népfrontbizottságok együttes elnökségi ülése
Elmentve itt :
| Dokumentumtípus: | Cikk |
|---|---|
| Megjelent: |
1966-06-19
|
| Sorozat: | Délmagyarország
56 No. 144 |
| Kulcsszavak: | Hazafias Népfront, Hazafias Népfront Szeged 1966, Hazafias Népfront Debrecen 1966 |
| Online Access: | http://dmarchiv.bibl.u-szeged.hu/71935 |
| LEADER | 00517nab a2200145 i 4500 | ||
|---|---|---|---|
| 001 | delm71935 | ||
| 005 | 20180928082413.0 | ||
| 008 | 180928s1966 hu o 0|| hun d | ||
| 040 | |a SZTE Délmagyarország Archívum |b hun | ||
| 041 | |a hun | ||
| 245 | 0 | 2 | |a A debreceni és a szegedi népfrontbizottságok együttes elnökségi ülése |h [elektronikus dokumentum] |
| 260 | |c 1966-06-19 | ||
| 300 | |a 5 | ||
| 490 | 0 | |a Délmagyarország |v 56 No. 144 | |
| 695 | |a Hazafias Népfront, Hazafias Népfront Szeged 1966, Hazafias Népfront Debrecen 1966 | ||